| 000 | 00634nam a2200205 i 4500 | ||
|---|---|---|---|
| 001 | 150055 | ||
| 003 | ES-MaACL | ||
| 005 | 20260228142426.0 | ||
| 007 | t| | ||
| 008 | 071026s1967 sp ||||1| spa d | ||
| 100 | 1 |
_aVallotton, Henry. _9112926 |
|
| 245 | 1 | 0 |
_aAlejandro I / _cHenry Vallotton ; [traducción Isabel Martino y Angel Ruiz Camps]. |
| 260 |
_aMadrid : _bCid, _c1967. |
||
| 300 |
_a295 p. ; _c21 cm. |
||
| 600 | 0 | 4 |
_aAlejandro _bI, _cEmperador de Rusia _919701 |
| 700 | 0 |
_aMartino, María Isabel. _978502 |
|
| 700 | 1 |
_aRuiz Camps, Angel. _9100686 |
|
| 852 |
_aES-MaACL _jC-32072 _bR.62553 |
||
| 999 |
_c150055 _d150055 |
||